000 00504nam a2200181Ia 4500
999 _c28699
_d28699
003 OSt
005 20260305115423.0
008 190216s9999||||xx |||||||||||||| ||und||
020 _a9788130004907
040 _coclc
082 _a894.812301
_bDAS/P
100 _aDas, Kamala
_95366
245 0 _aPattinte Ulachil /
_cKamala Das
260 _bPoorna Publications,
_a Kozhikode:
300 _a112p
650 _aKathakal
942 _cBK
_2ddc
_h894.812301
_iDAS/P
_k894.812301
_mDAS/P